000
00264nam a2200109Ia 4500
008
200302s9999 xx 000 0 und d
100
_a
Beijing
245
_a
world classic ecological architecture
260
_b
Phoenix Pbulished Ltd.
260
_c
2012
300
_a
279
999
_c
6485
_d
6485